Odisea
Guardat en:
| Autor principal: | |
|---|---|
| Format: | Llibre |
| Idioma: | espanyol |
| Publicat: |
Barcelona
RBA Coleccionables
1999
|
| Col·lecció: | Historia de la Literatura
|
| Matèries: | |
| Etiquetes: |
Afegir etiqueta
Sense etiquetes, Sigues el primer a etiquetar aquest registre!
|
MARC
| LEADER | 00000nam a2200000 a 4500 | ||
|---|---|---|---|
| 001 | UCH8416 | ||
| 003 | CL-VaPUC | ||
| 008 | 091127e19990000SP |||||||||||||||||spa|d | ||
| 020 | |a 8447301176 Historia de la Literatura | ||
| 020 | |a 8447303853 Odisea | ||
| 082 | 0 | 4 | |a 883 |b HOM |2 21 |
| 100 | |a Homero |e autor |9 265577 | ||
| 245 | 1 | 0 | |a Odisea |
| 300 | |a 396 p | ||
| 942 | |c BK | ||
| 945 | |d 20091127 00:00:00 | ||
| 260 | |a Barcelona |b RBA Coleccionables |c 1999 | ||
| 650 | 7 | |a POESIA EPICA GRIEGA |2 CL-VaPUC |9 265215 | |
| 583 | |a last modification |c 20091127 00:00:00 |k Rodrigo Vera | ||
| 490 | 0 | |a Historia de la Literatura | |
| 999 | |c 338630 |d 338628 | ||